[Event "L'Open de l'Ouest Toulousain"]
[Site "Villeneuve-Tolosane"]
[Date "2006.03.02"]
[Round "6.10"]
[White "Sanchez, Nicolas"]
[Black "Sanchez, Joseph"]
[Result "1-0"]
[WhiteElo "2199"]
[BlackElo "2435"]
[PlyCount "43"]
[EventDate "2006.??.??"]

1. d4 d5 2. Nf3 c6 3. c4 Nf6 4. Nc3 dxc4 5. a4 Bf5 6. Ne5 Nbd7 7. Nxc4 Qc7 8.
g3 e5 9. dxe5 Nxe5 10. Bf4 Nfd7 11. Qc1 f6 12. Bg2 O-O-O 13. O-O a5 14. Rd1 Bb4
15. Na2 Nc5 16. Bxe5 fxe5 17. Qe3 Na6 18. Nxb4 Nxb4 19. Qa7 Rd4 20. Rxd4 exd4
21. Qa8+ Qb8 22. Nd6+ 1-0

[Event "L'Open de l'Ouest Toulousain"]
[Site "Villeneuve-Tolosane"]
[Date "2006.03.02"]
[Round "6.11"]
[White "Marholev, Dimitar"]
[Black "Meynard, Thibault"]
[Result "1-0"]
[WhiteElo "2427"]
[BlackElo "2234"]
[PlyCount "75"]
[EventDate "2006.??.??"]

1. e4 c5 2. Nc3 Nc6 3. Bb5 Nd4 4. Bc4 e6 5. Nge2 a6 6. Nxd4 cxd4 7. Ne2 b5 8.
Bd3 Bc5 9. O-O Ne7 10. b4 Bxb4 11. Nxd4 Bc5 12. Bb2 O-O 13. Qh5 d6 14. Nf3 e5
15. Nxe5 g6 16. Ng4 Bxg4 17. Qxg4 Nc6 18. Kh1 Ne5 19. Qh3 h5 20. Be2 Bb4 21. f4
Nc4 22. Bxc4 bxc4 23. Qe3 Rc8 24. f5 Kh7 25. Qd4 f6 26. fxg6+ Kxg6 27. Rf3 Rc5
28. Raf1 c3 29. dxc3 Ba5 30. c4 Re5 31. Rg3+ Rg5 32. Rxg5+ Kxg5 33. Qd5+ Kg6
34. Qf5+ Kg7 35. Qg5+ Kh7 36. Qxh5+ Kg7 37. Qg5+ Kh7 38. Bxf6 1-0

[Event "L'Open de l'Ouest Toulousain"]
[Site "Villeneuve-Tolosane"]
[Date "2006.03.03"]
[Round "7.1"]
[White "Korneev, Oleg"]
[Black "Prie, Eric"]
[Result "1/2-1/2"]
[WhiteElo "2649"]
[BlackElo "2467"]
[PlyCount "43"]
[EventDate "2006.??.??"]

1. e4 d5 2. exd5 Qxd5 3. Nf3 Bg4 4. Be2 Nc6 5. d4 O-O-O 6. Be3 Bxf3 7. Bxf3 Qb5
8. c3 e5 9. Bxc6 Qxc6 10. Qg4+ Kb8 11. dxe5 Nh6 12. Qf3 Qe6 13. Nd2 Ng4 14. O-O
Nxe5 15. Qg3 Nd3 16. Bd4 Qg6 17. Nc4 Bd6 18. Nxd6 Rxd6 19. b4 Qxg3 20. hxg3 f6
21. f4 Nxb4 22. Bc5 1/2-1/2

[Event "L'Open de l'Ouest Toulousain"]
[Site "Villeneuve-Tolosane"]
[Date "2006.03.03"]
[Round "7.2"]
[White "Abergel, Thal"]
[Black "Nanu, Ciprian-Costica"]
[Result "0-1"]
[WhiteElo "2426"]
[BlackElo "2436"]
[PlyCount "68"]
[EventDate "2006.??.??"]

1. e4 c6 2. c4 e5 3. Nf3 d6 4. d4 Nd7 5. Nc3 Ngf6 6. g4 Nxg4 7. Rg1 Ngf6 8. Be3
g6 9. Qd2 Bg7 10. O-O-O Qe7 11. Nh4 Nh5 12. dxe5 Qxh4 13. Be2 Bxe5 14. Bxh5
Qxh5 15. f4 Bxc3 16. Qxc3 O-O 17. Rxd6 Qf3 18. e5 Nb6 19. b3 Bf5 20. Rgd1 Nc8
21. R6d2 Ne7 22. Kb2 Rfe8 23. Re1 Be6 24. Rd3 Rad8 25. Red1 Rxd3 26. Rxd3 Nf5
27. Bc1 Qe4 28. Qd2 h5 29. Ka1 c5 30. Bb2 Qh1+ 31. Bc1 Nd4 32. a3 Ne2 33. Qxe2
Qxc1+ 34. Ka2 Qxf4 0-1

[Event "L'Open de l'Ouest Toulousain"]
[Site "Villeneuve-Tolosane"]
[Date "2006.03.03"]
[Round "7.3"]
[White "Leon Hoyos, Manuel"]
[Black "Fedorchuk, Sergey A"]
[Result "0-1"]
[WhiteElo "2428"]
[BlackElo "2590"]
[PlyCount "118"]
[EventDate "2006.??.??"]

1. c4 e5 2. g3 Nf6 3. Bg2 Bc5 4. Nc3 c6 5. e3 d6 6. Nge2 a5 7. O-O O-O 8. d4
Ba7 9. h3 h6 10. b3 Na6 11. e4 Bd7 12. Be3 Re8 13. Qd2 Qe7 14. Rad1 Bc8 15.
dxe5 dxe5 16. Bxa7 Rxa7 17. Na4 b5 18. cxb5 cxb5 19. Nb6 b4 20. Nd5 Nxd5 21.
exd5 Qd6 22. Qe3 Rae7 23. Rc1 Bd7 24. Rc2 e4 25. Nf4 Re5 26. Rd1 Nc7 27. Bf1
Nb5 28. Bxb5 Bxb5 29. Rc5 Bd7 30. Kh2 g5 31. Nh5 Qg6 32. g4 f5 33. Rc7 R5e7 34.
d6 Rf7 35. Qd4 Ref8 36. Ng3 fxg4 37. Nxe4 gxh3 38. Rd2 Qf5 39. Ng3 Qf3 40. Qe4
Qxe4 41. Nxe4 g4 42. Kg1 Kg7 43. Nc5 Rd8 44. Re2 Kf6 45. Re4 Bf5 46. Rf4 Rff8
47. d7 Ke5 48. Rc4 h5 49. Rc1 h4 50. Ra7 g3 51. Rxa5 Kf6 52. Ra6+ Kg5 53. Ra5
Kg6 54. Ra6+ Rf6 55. Rxf6+ Kxf6 56. Rd1 Bg4 57. Re1 Bf3 58. fxg3 hxg3 59. Re6+
Kf5 0-1

[Event "L'Open de l'Ouest Toulousain"]
[Site "Villeneuve-Tolosane"]
[Date "2006.03.03"]
[Round "7.4"]
[White "Karpatchev, Aleksandr"]
[Black "Marholev, Dimitar"]
[Result "1-0"]
[WhiteElo "2530"]
[BlackElo "2427"]
[PlyCount "61"]
[EventDate "2006.??.??"]

1. e4 e5 2. Nf3 Nc6 3. d4 exd4 4. Bc4 Nf6 5. e5 d5 6. Bb5 Nd7 7. O-O Be7 8.
Bxc6 bxc6 9. Nxd4 Nb8 10. Nc3 O-O 11. Qf3 f6 12. e6 Bc5 13. Nce2 Re8 14. Qg4 g6
15. Re1 Qe7 16. Be3 Bxd4 17. Nxd4 Bxe6 18. Qg3 Qd7 19. Bd2 Na6 20. Nxe6 Rxe6
21. Rxe6 Qxe6 22. Re1 Qd6 23. Bf4 Qf8 24. Qe3 g5 25. Qe6+ Kg7 26. Bd2 Qd6 27.
Qf5 Nc5 28. Bb4 Rb8 29. Ba3 Rb5 30. h4 Qd8 31. c4 1-0

[Event "L'Open de l'Ouest Toulousain"]
[Site "Villeneuve-Tolosane"]
[Date "2006.03.03"]
[Round "7.5"]
[White "Manolache, Marius"]
[Black "Sanchez, Nicolas"]
[Result "1-0"]
[WhiteElo "2488"]
[BlackElo "2199"]
[PlyCount "71"]
[EventDate "2006.??.??"]

1. d4 Nf6 2. Nf3 g6 3. c4 Bg7 4. Nc3 O-O 5. g3 d6 6. Bg2 c6 7. O-O Qa5 8. h3
Be6 9. Nd2 Qa6 10. b3 d5 11. Na4 Nfd7 12. cxd5 cxd5 13. Nf3 Nc6 14. Be3 h6 15.
Qd2 Kh7 16. Rfc1 Rac8 17. Ne1 Rfd8 18. Kh2 b6 19. Nd3 Nf8 20. Nf4 Qb7 21. Nc3
Qd7 22. Ncxd5 Bxd5 23. Bxd5 Nxd4 24. Rxc8 Rxc8 25. Bxd4 e5 26. Bxe5 Bxe5 27.
Rd1 Rd8 28. Qe3 Bg7 29. Rd3 Re8 30. Qf3 Qf5 31. Bc4 h5 32. Qc6 Re4 33. Rf3 Qe5
34. Bxf7 h4 35. Bxg6+ Nxg6 36. Qxg6+ 1-0

[Event "L'Open de l'Ouest Toulousain"]
[Site "Villeneuve-Tolosane"]
[Date "2006.03.03"]
[Round "7.6"]
[White "Petrov, Marijan"]
[Black "Okhotnik, Vladimir"]
[Result "1/2-1/2"]
[WhiteElo "2425"]
[BlackElo "2470"]
[PlyCount "26"]
[EventDate "2006.??.??"]

1. e4 c5 2. Nf3 Nf6 3. e5 Nd5 4. Nc3 e6 5. Nxd5 exd5 6. d4 Nc6 7. dxc5 Bxc5 8.
Be2 d6 9. Bf4 dxe5 10. Nxe5 O-O 11. O-O Bd6 12. Nxc6 bxc6 13. Qd2 Rb8 1/2-1/2

[Event "L'Open de l'Ouest Toulousain"]
[Site "Villeneuve-Tolosane"]
[Date "2006.03.03"]
[Round "7.7"]
[White "Dobrev, Nanko"]
[Black "Nemeth, Francisc"]
[Result "1-0"]
[WhiteElo "2394"]
[BlackElo "2431"]
[PlyCount "83"]
[EventDate "2006.??.??"]

1. d4 Nf6 2. Nf3 g6 3. c4 Bg7 4. Nc3 d6 5. e4 O-O 6. Be2 e5 7. O-O Na6 8. d5
Nc5 9. Qc2 a5 10. Bg5 h6 11. Be3 Nh5 12. g3 Qe8 13. Nb5 Qe7 14. Nd2 Nf6 15. f3
h5 16. Nb3 b6 17. Nxc5 bxc5 18. a3 a4 19. b4 axb3 20. Qd2 Nh7 21. Rab1 b2 22.
Rxb2 f5 23. Rb3 h4 24. gxh4 Bf6 25. Bf2 Rf7 26. Qe1 g5 27. Kh1 gxh4 28. Rg1+
Rg7 29. Rxg7+ Kxg7 30. exf5 Bxf5 31. Bd3 Bxd3 32. Rxd3 Kh8 33. Rb3 Rg8 34. a4
Nf8 35. a5 Ng6 36. a6 e4 37. Qxe4 Ne5 38. Qf5 Bg5 39. a7 Nxc4 40. Nd4 Nb6 41.
Ne6 c4 42. Bd4+ 1-0

[Event "L'Open de l'Ouest Toulousain"]
[Site "Villeneuve-Tolosane"]
[Date "2006.03.03"]
[Round "7.8"]
[White "Brochet, Philippe"]
[Black "Sikula, Vaszilij"]
[Result "0-1"]
[WhiteElo "2368"]
[BlackElo "2490"]
[PlyCount "100"]
[EventDate "2006.??.??"]

1. e4 c5 2. g3 d5 3. exd5 Qxd5 4. Nf3 Bg4 5. Bg2 Qe6+ 6. Kf1 Nc6 7. h3 Bh5 8.
d3 Qd7 9. Be3 e6 10. Nbd2 Rc8 11. Ne5 Bxd1 12. Nxd7 Bxc2 13. Bxc6 Bxd3+ 14. Kg2
Rxc6 15. Ne5 Rd6 16. Bxc5 Rd5 17. Bxf8 Kxf8 18. Nxd3 Rxd3 19. Nb3 Ke7 20. Rhc1
Nf6 21. Rc7+ Rd7 22. Rac1 Rb8 23. Na5 Nd5 24. Rc8 Rd8 25. Rxd8 Kxd8 26. b4 Kd7
27. a3 Rc8 28. Rxc8 Kxc8 29. Kf3 Kc7 30. Ke4 f6 31. f4 Nc3+ 32. Kd3 Nb5 33. a4
Nd6 34. g4 e5 35. fxe5 fxe5 36. b5 Kd7 37. Nb3 Ke6 38. Nc5+ Kd5 39. Nd7 Ne4 40.
Ke3 Nc3 41. h4 Nxa4 42. g5 Nc3 43. h5 Nxb5 44. h6 gxh6 45. gxh6 Nd6 46. Nf6+
Ke6 47. Nxh7 Nf5+ 48. Ke4 Nxh6 49. Nf8+ Kd6 50. Ng6 Ng4 0-1

[Event "L'Open de l'Ouest Toulousain"]
[Site "Villeneuve-Tolosane"]
[Date "2006.03.03"]
[Round "7.9"]
[White "Genov, Petar"]
[Black "Corke, Anya"]
[Result "1-0"]
[WhiteElo "2467"]
[BlackElo "2216"]
[PlyCount "61"]
[EventDate "2006.??.??"]

1. b3 e5 2. Bb2 Nc6 3. c4 g6 4. g3 Bg7 5. Bg2 d6 6. Nc3 f5 7. e3 Nf6 8. Nge2
O-O 9. d3 Ne7 10. Qd2 c6 11. f4 Be6 12. O-O h6 13. Rae1 g5 14. e4 gxf4 15. gxf4
fxe4 16. dxe4 Bg4 17. Ba3 Qb6+ 18. Kh1 Rad8 19. Bxd6 Bxe2 20. Rxe2 Ne8 21. c5
Qb4 22. fxe5 Rxf1+ 23. Bxf1 Bxe5 24. Qxh6 Qxc3 25. Qe6+ Kh7 26. Qxe7+ Bg7 27.
Qh4+ Bh6 28. Rf2 Rd7 29. Bf4 Qg7 30. Qh3 Re7 31. e5 1-0

[Event "L'Open de l'Ouest Toulousain"]
[Site "Villeneuve-Tolosane"]
[Date "2006.03.03"]
[Round "7.10"]
[White "Brethes, Francois"]
[Black "Cioara, Andrei Nestor"]
[Result "1/2-1/2"]
[WhiteElo "2109"]
[BlackElo "2440"]
[PlyCount "158"]
[EventDate "2006.??.??"]

1. d4 e6 2. Nf3 Nf6 3. c4 c5 4. e3 d5 5. Bd3 Nc6 6. O-O Be7 7. Nc3 O-O 8. b3
Kh8 9. dxc5 Bxc5 10. Bb2 a6 11. cxd5 exd5 12. Rc1 Bg4 13. Na4 Be7 14. Be2 Ne4
15. Ne5 Bxe2 16. Qxe2 Nxe5 17. Bxe5 Rc8 18. Qd3 Qa5 19. Rfd1 Bf6 20. Bxf6 Nxf6
21. g3 h6 22. Nc3 Rc6 23. a4 Rfc8 24. Ne2 Rxc1 25. Rxc1 Rxc1+ 26. Nxc1 Qe1+ 27.
Qf1 Qd2 28. Ne2 Ne4 29. Qc1 g5 30. Qxd2 Nxd2 31. Nd4 g4 32. f3 gxf3 33. Kf2 Kg7
34. Ke1 Ne4 35. Nxf3 Kf6 36. Ke2 Kf5 37. Kd3 a5 38. Kd4 Ke6 39. Ne1 Kd6 40. Nf3
Nc5 41. Nd2 Ne6+ 42. Kd3 Kc5 43. Kc3 Ng5 44. h4 Nh3 45. Nf3 Nf2 46. Ne5 Ne4+
47. Kc2 Nxg3 48. Nxf7 Nf5 49. Kb2 h5 50. Ne5 Nxe3 51. Nd3+ Kd4 52. Nf4 Nf5 53.
Nxh5 Nxh4 54. Nf6 Nf5 55. b4 Ne3 56. bxa5 Kc4 57. Ne8 Kb4 58. Nc7 Kxa5 59. Kc3
Kb6 60. Ne6 Nf5 61. Nf4 Kc6 62. Nd3 Ng3 63. Ne5+ Kd6 64. Nd3 Ne2+ 65. Kb4 Nd4
66. a5 Kc6 67. Ne5+ Kc7 68. Kc5 Nc6 69. Kxd5 Nxa5 70. Kc5 Nb3+ 71. Kb4 Nd4 72.
Nc4 Nc6+ 73. Kb5 Nd4+ 74. Kb4 Nc6+ 75. Kb5 Na7+ 76. Kb4 Nc8 77. Na5 b6 78. Nc4
Kc6 79. Nxb6 Nxb6 1/2-1/2

[Event "L'Open de l'Ouest Toulousain"]
[Site "Villeneuve-Tolosane"]
[Date "2006.03.03"]
[Round "8.1"]
[White "Fedorchuk, Sergey A"]
[Black "Dobrev, Nanko"]
[Result "1-0"]
[WhiteElo "2590"]
[BlackElo "2394"]
[PlyCount "59"]
[EventDate "2006.??.??"]

1. e4 e5 2. Nf3 Nc6 3. Bb5 a6 4. Ba4 Nf6 5. O-O Be7 6. Re1 b5 7. Bb3 d6 8. c3
Na5 9. Bc2 c5 10. d4 Qc7 11. a4 b4 12. cxb4 cxb4 13. Nbd2 Bg4 14. h3 Bh5 15.
Bd3 Nd7 16. g4 Bg6 17. Nf1 exd4 18. Nxd4 Nc6 19. Nf5 Bxf5 20. exf5 O-O 21. Ne3
Qd8 22. Nd5 Bh4 23. Bf4 Nc5 24. Rc1 Ra7 25. Bb1 b3 26. f6 Bxf6 27. Nxf6+ Qxf6
28. Qxd6 Ne6 29. Be3 Ncd4 30. Bxd4 1-0

[Event "L'Open de l'Ouest Toulousain"]
[Site "Villeneuve-Tolosane"]
[Date "2006.03.03"]
[Round "8.2"]
[White "Nanu, Ciprian-Costica"]
[Black "Karpatchev, Aleksandr"]
[Result "0-1"]
[WhiteElo "2436"]
[BlackElo "2530"]
[PlyCount "76"]
[EventDate "2006.??.??"]

1. c4 e5 2. Nc3 Nf6 3. Nf3 Nc6 4. e3 Bb4 5. Qc2 Bxc3 6. Qxc3 Qe7 7. d3 d5 8.
cxd5 Nxd5 9. Qc2 Ndb4 10. Qc3 Nd4 11. Kd1 Ndc6 12. e4 Bg4 13. a3 Na6 14. Be3
O-O 15. Be2 Rfd8 16. Ne1 Bxe2+ 17. Kxe2 Nd4+ 18. Bxd4 exd4 19. Qc4 Nc5 20. Rc1
Ne6 21. Nf3 b5 22. Qb3 Nf4+ 23. Kf1 c5 24. Qxb5 Rab8 25. Qc4 Rxb2 26. g3 Qf6
27. Rc2 Nxd3 28. Kg2 Rxc2 29. Qxc2 Ne5 30. Nd2 c4 31. f4 Ng4 32. Nxc4 d3 33.
Qd2 Qd4 34. Kf3 h5 35. h3 Rc8 36. hxg4 Rxc4 37. gxh5 Qxe4+ 38. Kg4 Qe6+ 0-1

[Event "L'Open de l'Ouest Toulousain"]
[Site "Villeneuve-Tolosane"]
[Date "2006.03.03"]
[Round "8.3"]
[White "Prie, Eric"]
[Black "Manolache, Marius"]
[Result "0-1"]
[WhiteElo "2467"]
[BlackElo "2488"]
[PlyCount "68"]
[EventDate "2006.??.??"]

1. d4 Nf6 2. Nf3 e6 3. Bf4 b6 4. h3 Ba6 5. Nbd2 c5 6. c3 Be7 7. a3 O-O 8. Bh2
cxd4 9. cxd4 Nc6 10. b4 Rc8 11. Qa4 Bb7 12. e3 d6 13. Bd3 Qd7 14. Qb3 e5 15.
Qb1 g6 16. b5 Nxd4 17. exd4 e4 18. Nxe4 Nxe4 19. Bxe4 Qe6 20. Nd2 f5 21. O-O
fxe4 22. Re1 Bh4 23. Nxe4 Qd5 24. Ra2 Rce8 25. Rae2 Bxf2+ 26. Rxf2 Rxf2 27.
Kxf2 Qxd4+ 28. Kf3 Rf8+ 29. Kg4 h5+ 30. Kg5 Rf5+ 31. Kh4 Bxe4 32. Rxe4 Qf6+ 33.
Kg3 Qg5+ 34. Rg4 h4# 0-1

[Event "L'Open de l'Ouest Toulousain"]
[Site "Villeneuve-Tolosane"]
[Date "2006.03.03"]
[Round "8.4"]
[White "Korneev, Oleg"]
[Black "Petrov, Marijan"]
[Result "1-0"]
[WhiteElo "2649"]
[BlackElo "2425"]
[PlyCount "83"]
[EventDate "2006.??.??"]

1. e4 c5 2. Nf3 Nc6 3. d4 cxd4 4. Nxd4 Nf6 5. Nc3 e6 6. Ndb5 Bb4 7. a3 Bxc3+ 8.
Nxc3 d5 9. exd5 exd5 10. Bd3 O-O 11. O-O d4 12. Ne2 Re8 13. h3 Qd5 14. c4 dxc3
15. Nxc3 Qe5 16. Qf3 Nd4 17. Qf4 Bf5 18. Bxf5 Nxf5 19. Qxe5 Rxe5 20. Bf4 Rc5
21. Rad1 Rc4 22. Be5 Ne4 23. Rfe1 Nc5 24. g4 Nh4 25. Re3 Ng6 26. Bg3 h5 27.
gxh5 Nf4 28. Bxf4 Rxf4 29. Rd5 Rc8 30. Ne2 Rf6 31. Nd4 Na4 32. Nf5 Kh8 33. Nd6
Rc5 34. Rd4 Nxb2 35. Ne4 Rc1+ 36. Kg2 Rf5 37. Ng3 Ra5 38. Rd8+ Kh7 39. Ree8 g6
40. Rh8+ Kg7 41. Ne4 f5 42. Rd7+ 1-0

[Event "L'Open de l'Ouest Toulousain"]
[Site "Villeneuve-Tolosane"]
[Date "2006.03.03"]
[Round "8.5"]
[White "Sikula, Vaszilij"]
[Black "Vul, Arkadi Eremeevich"]
[Result "1-0"]
[WhiteElo "2490"]
[BlackElo "2407"]
[PlyCount "111"]
[EventDate "2006.??.??"]

1. e4 e5 2. Nf3 Nc6 3. Bc4 Nf6 4. d3 Be7 5. O-O O-O 6. Re1 d6 7. a4 h6 8. c3
Nh7 9. a5 a6 10. Be3 Ng5 11. Nbd2 Kh8 12. Qb3 f5 13. exf5 Nxf3+ 14. Nxf3 Rxf5
15. Bd5 Rf8 16. d4 exd4 17. cxd4 Bf6 18. Be4 Ne7 19. d5 Bf5 20. Bd4 Rb8 21.
Bxf6 Rxf6 22. Nd4 Bxe4 23. Rxe4 c6 24. dxc6 Nxc6 25. Qd5 Qg8 26. Ne6 Re8 27.
Rae1 Nd8 28. Nf4 Qxd5 29. Nxd5 Rxe4 30. Rxe4 Re6 31. Rxe6 Nxe6 32. f4 Kg8 33.
Kf2 Nd4 34. b4 Kf7 35. Ke3 Nc6 36. g4 g6 37. Ke4 Ke6 38. h3 Nd8 39. Kd4 Nc6+
40. Kc4 Na7 41. Nc3 Kd7 42. f5 gxf5 43. gxf5 Nc6 44. Ne4 Ne5+ 45. Kd5 Nd3 46.
Nxd6 Nxb4+ 47. Kc4 Nc2 48. Kc5 h5 49. Nxb7 Ne3 50. Nd6 h4 51. f6 Ke6 52. f7 Ke7
53. Kb6 Nd5+ 54. Kxa6 Nf4 55. Kb7 Nxh3 56. a6 1-0

[Event "L'Open de l'Ouest Toulousain"]
[Site "Villeneuve-Tolosane"]
[Date "2006.03.03"]
[Round "8.6"]
[White "Okhotnik, Vladimir"]
[Black "Zimmerman, Yuri"]
[Result "1/2-1/2"]
[WhiteElo "2470"]
[BlackElo "2379"]
[PlyCount "34"]
[EventDate "2006.??.??"]

1. e4 d6 2. d4 Nf6 3. Nc3 g6 4. Be2 Bg7 5. Nf3 O-O 6. O-O Bg4 7. h3 Bxf3 8.
Bxf3 e5 9. dxe5 dxe5 10. Bg5 c6 11. Qxd8 Rxd8 12. Rfd1 Na6 13. Rxd8+ Rxd8 14.
Be3 Ra8 15. Rd1 Bf8 16. g4 Bc5 17. Bxc5 Nxc5 1/2-1/2

[Event "L'Open de l'Ouest Toulousain"]
[Site "Villeneuve-Tolosane"]
[Date "2006.03.03"]
[Round "8.7"]
[White "Sakelsek, Tadej"]
[Black "Genov, Petar"]
[Result "0-1"]
[WhiteElo "2418"]
[BlackElo "2467"]
[PlyCount "120"]
[EventDate "2006.??.??"]

1. e4 c6 2. d4 d5 3. Nc3 dxe4 4. Nxe4 Bf5 5. Ng3 Bg6 6. h4 h6 7. Nf3 Nd7 8. h5
Bh7 9. Bd3 Bxd3 10. Qxd3 e6 11. Bd2 Ngf6 12. O-O-O Be7 13. Kb1 O-O 14. Ne4 Nxe4
15. Qxe4 Nf6 16. Qe2 Qd5 17. Ne5 Qe4 18. Qxe4 Nxe4 19. Be1 Rfd8 20. f3 Nf6 21.
c4 Rac8 22. g4 Nd7 23. Ba5 b6 24. Bc3 f6 25. Ng6 Kf7 26. Rhe1 Nf8 27. f4 Nxg6
28. hxg6+ Kxg6 29. Rxe6 Bd6 30. f5+ Kg5 31. Rf1 Rc7 32. Bd2+ Kh4 33. Re2 Re7
34. Be1+ Kh3 35. Rxe7 Bxe7 36. Rf4 Bd6 37. Re4 Kg2 38. Kc2 Kf3 39. Kd3 Rd7 40.
b4 c5 41. a3 Be5 42. d5 cxb4 43. axb4 b5 44. Re3+ Kxg4 45. Bc3 bxc4+ 46. Kxc4
Rc7+ 47. Kb3 Bxc3 48. Rxc3 Rd7 49. Kc4 Kxf5 50. Re3 g5 51. Kc5 Rc7+ 52. Kb5 g4
53. d6 Rb7+ 54. Kc5 h5 55. Rd3 Rb8 56. d7 Rd8 57. Kc6 h4 58. Kc7 Rxd7+ 59. Rxd7
g3 60. Rg7 Kf4 0-1

[Event "L'Open de l'Ouest Toulousain"]
[Site "Villeneuve-Tolosane"]
[Date "2006.03.03"]
[Round "8.8"]
[White "Sebenik, Matej"]
[Black "Abergel, Thal"]
[Result "0-1"]
[WhiteElo "2416"]
[BlackElo "2426"]
[PlyCount "52"]
[EventDate "2006.??.??"]

1. c4 Nf6 2. g3 e5 3. Bg2 Nc6 4. Nc3 Bc5 5. e3 d5 6. cxd5 Nb4 7. Qb3 c6 8. d4
exd4 9. exd4 Bf5 10. dxc5 Nc2+ 11. Kf1 Qe7 12. Bf4 Nxa1 13. Qd1 Nxd5 14. Nxd5
cxd5 15. Bd6 Qd7 16. Qxa1 Qb5+ 17. Ne2 O-O-O 18. Qd1 Rhe8 19. Bf3 Bd3 20. a4
Qa6 21. Ke1 Rxe2+ 22. Bxe2 Re8 23. Qb3 Rxe2+ 24. Kd1 Bc2+ 25. Qxc2 Rxc2 26.
Kxc2 Qxa4+ 0-1

[Event "L'Open de l'Ouest Toulousain"]
[Site "Villeneuve-Tolosane"]
[Date "2006.03.03"]
[Round "8.9"]
[White "Cioara, Andrei Nestor"]
[Black "Chaplin, Erik"]
[Result "1-0"]
[WhiteElo "2440"]
[BlackElo "2185"]
[PlyCount "49"]
[EventDate "2006.??.??"]

1. e4 e5 2. Nf3 Nc6 3. d4 exd4 4. Nxd4 Nge7 5. Be3 Nxd4 6. Bxd4 Nc6 7. Bc3 Qg5
8. Bd2 Qe5 9. Nc3 d5 10. f4 Qe6 11. e5 Bc5 12. Qf3 Nd4 13. Qd3 c6 14. Na4 Qe7
15. Nxc5 Qxc5 16. c3 Nf5 17. g4 Nh4 18. Qg3 Qe7 19. O-O-O h5 20. h3 Ng6 21. Be2
h4 22. Qf2 Bd7 23. Bd3 O-O-O 24. Qxa7 Kc7 25. Be3 1-0

[Event "L'Open de l'Ouest Toulousain"]
[Site "Villeneuve-Tolosane"]
[Date "2006.03.03"]
[Round "8.10"]
[White "Grill, Marc"]
[Black "Sanchez, Joseph"]
[Result "1-0"]
[WhiteElo "2146"]
[BlackElo "2435"]
[PlyCount "109"]
[EventDate "2006.??.??"]

1. e4 c5 2. Nf3 Nc6 3. d4 cxd4 4. Nxd4 Nf6 5. Nc3 e5 6. Ndb5 d6 7. Bg5 a6 8.
Na3 Be6 9. Nc4 Rc8 10. Ne3 Qb6 11. Bxf6 Qxb2 12. Ned5 Bxd5 13. Nxd5 Nb4 14. Bd3
Nxd5 15. exd5 Qc3+ 16. Kf1 gxf6 17. Rb1 Rc7 18. Qf3 Ke7 19. g3 b5 20. Kg2 Bh6
21. Qe4 Qc5 22. Rhd1 Bg7 23. Qf3 h5 24. h4 Qa3 25. Qe4 Bh6 26. Rb3 Qxa2 27. Qe1
Qa4 28. Ra1 Qd4 29. Rxa6 Qxd5+ 30. Be4 Qc4 31. Bd3 Qd5+ 32. Be4 Qc5 33. Qe2 b4
34. Rd3 Rd8 35. Qxh5 Bc1 36. Bd5 Rf8 37. Bb3 Bb2 38. Rd5 Qc3 39. Rdxd6 e4 40.
Rxf6 Qxf6 41. Rxf6 Bxf6 42. Qf5 Bc3 43. Qxe4+ Kd8 44. Ba4 f5 45. Qd5+ Ke7 46.
Bb3 Rf6 47. h5 Rcc6 48. Qg8 Rcd6 49. Ba4 Ra6 50. Qe8+ Kd6 51. Qd8+ Kc5 52. Qc7+
Kd4 53. Bb5 Rab6 54. Qc4+ Ke5 55. Qc5+ 1-0

[Event "L'Open de l'Ouest Toulousain"]
[Site "Villeneuve-Tolosane"]
[Date "2006.03.03"]
[Round "8.11"]
[White "Nemeth, Francisc"]
[Black "Brethes, Francois"]
[Result "1-0"]
[WhiteElo "2431"]
[BlackElo "2109"]
[PlyCount "24"]
[EventDate "2006.??.??"]

1. e4 b6 2. d4 Bb7 3. Bd3 e6 4. Qe2 c5 5. c3 Nf6 6. Nf3 Be7 7. Nbd2 Nc6 8. a3
a5 9. e5 Nd5 10. Ne4 cxd4 11. cxd4 f5 12. exf6 Bxf6 1-0